[Event "?"]
[Site "?"]
[Date "2019.05.10"]
[Round "2.1"]
[White "Lagunow, Raphael"]
[Black "Heerde, Thomas"]
[Result "1-0"]
[WhiteElo "2420"]
[BlackElo "2027"]
[PlyCount "73"]
[EventDate "2019.??.??"]
[WhiteTeam "SK Zehlendorf e.V."]
[BlackTeam "SK Zehlendorf e.V."]

1. Nf3 Nf6 2. g3 g6 3. Bg2 Bg7 4. O-O O-O 5. c4 d6 6. d4 Nc6 7. Nc3 a6 8. Bf4
Rb8 9. Rc1 b5 10. cxb5 axb5 11. Ne5 Nxe5 12. dxe5 Ng4 13. Nd5 dxe5 14. Bd2 Bb7
15. Ba5 Bxd5 16. Bxd5 e6 17. Bg2 Qxd1 18. Rfxd1 Rbd8 19. Rxd8 Rxd8 20. h3 Bh6
21. Rb1 Nf6 22. Bxc7 Rd2 23. Bxe5 Nd7 24. Bc3 Rxe2 25. Bf1 Rc2 26. Bd3 Rc1+ 27.
Rxc1 Bxc1 28. Bxb5 Nb6 29. a4 Nd5 30. Bd4 Bd2 31. Bc4 Ne7 32. Bb5 Nd5 33. Bc6
Nb4 34. Bb7 Nd3 35. Bc3 Bxc3 36. bxc3 Nc5 37. a5 1-0

[Event "?"]
[Site "?"]
[Date "2019.05.10"]
[Round "2.2"]
[White "Figura, Atila Gajo"]
[Black "Block, Werner"]
[Result "1-0"]
[WhiteElo "2380"]
[BlackElo "1979"]
[PlyCount "49"]
[EventDate "2019.??.??"]
[WhiteTeam "SK Zehlendorf e.V."]
[BlackTeam "SK CAISSA Hermsdorf-Frohnau"]

1. Nf3 d5 2. g3 Nf6 3. Bg2 g6 4. c4 c6 5. b3 Bg7 6. Bb2 O-O 7. O-O Re8 8. d4
Nbd7 9. Nc3 Nb6 10. Nd2 e6 (10... Be6 11. c5 Nbd7) 11. e3 Qc7 12. Rc1 Bd7 13.
Qe2 Rad8 (13... e5 14. dxe5 Qxe5 15. Nf3 Qe7) 14. Rfd1 Bc8 15. e4 Nxe4 16.
Ndxe4 dxe4 17. Nxe4 Nd7 18. d5 exd5 19. Bxg7 Kxg7 20. cxd5 Qe5 21. f4 Qc7 22.
Qb2+ f6 23. dxc6 bxc6 24. Rxd7+ Qxd7 25. Nxf6 1-0

[Event "?"]
[Site "?"]
[Date "2019.05.10"]
[Round "2.4"]
[White "Paulsen, Dirk"]
[Black "Große, Michael"]
[Result "1-0"]
[WhiteElo "2325"]
[BlackElo "1919"]
[PlyCount "171"]
[EventDate "2019.??.??"]
[WhiteTeam "SC Kreuzberg e.V."]
[BlackTeam "SK Zehlendorf e.V."]

1. d4 d5 2. c4 c6 3. Nf3 Nf6 4. Nc3 a6 5. e3 Bf5 6. Bd3 Bxd3 7. Qxd3 e6 8. O-O
Nbd7 9. e4 dxe4 10. Nxe4 Nxe4 11. Qxe4 Nf6 12. Qe2 Be7 13. Bg5 h6 14. Bf4 O-O
15. Rad1 Qa5 16. b3 Qf5 17. Qe5 Qxe5 18. dxe5 Ne4 19. Rd7 Bc5 20. Rxb7 Nc3 21.
Bd2 Ne2+ 22. Kh1 Rfd8 23. Ba5 Rd3 24. Nd2 Bd4 25. Ne4 Bxe5 26. Nc5 Rd4 27. Re1
Bd6 28. Nxe6 Re4 29. c5 Bxh2 30. Nd8 Be5 31. g4 Rxd8 32. Bxd8 Ng3+ 33. fxg3
Rxe1+ 34. Kg2 Re2+ 35. Kf3 Rxa2 36. Bc7 Bd4 37. b4 Rb2 38. Rb6 Kh7 39. Rxa6
Rb3+ 40. Ke2 Rxb4 41. Rxc6 Bxc5 42. Rxc5 Rxg4 43. Kf3 Ra4 44. Be5 f6 45. Bc3
Kg6 46. Rc7 Ra3 47. Ke4 Ra4+ 48. Bd4 Ra8 49. Bc5 Ra4+ 50. Kd5 Rg4 51. Bf8 Kf5
52. Bxg7 Rxg3 53. Bxh6 Rd3+ 54. Kc4 Rd1 55. Be3 Ke4 56. Re7+ Kf3 57. Bd4 f5 58.
Kd5 Rd3 59. Ke5 Rd1 60. Rf7 Kg4 61. Be3 Rb1 62. Kd4 Rd1+ 63. Kc3 Rd5 64. Kc4
Ra5 65. Kd3 Ra3+ 66. Ke2 Ra2+ 67. Bd2 Ra4 68. Rg7+ Kh4 69. Kf3 f4 70. Bxf4 Ra3+
71. Be3 Kh5 72. Rg5+ Kh4 73. Rg6 Ra5 74. Rf6 Rb5 75. Rh6+ Rh5 76. Ra6 Rf5+ 77.
Bf4 Rb5 78. Rh6+ Rh5 79. Rg6 Rb5 80. Ra6 Rb3+ 81. Be3 Rb5 82. Bf4 Rb3+ 83. Ke4
Rb4+ 84. Kf5 Rb5+ 85. Be5 Kh3 86. Ra2 1-0

[Event "?"]
[Site "?"]
[Date "2019.05.10"]
[Round "2.6"]
[White "Krueger, Michael"]
[Black "Moser, Axel"]
[Result "0-1"]
[WhiteElo "1920"]
[BlackElo "2168"]
[PlyCount "50"]
[EventDate "2019.??.??"]
[BlackTeam "SC Kreuzberg e.V."]

1. c4 f5 2. g3 Nf6 3. Bg2 d6 4. Nc3 e5 5. e3 Be7 6. Nge2 O-O 7. O-O c6 8. d3
Qe8 9. f4 Nbd7 10. Re1 Qh5 11. e4 Bd8 12. d4 fxe4 13. Nxe4 Nxe4 14. Bxe4 Nf6
15. Bg2 Bg4 16. fxe5 dxe5 17. Kh1 exd4 18. Qd3 Re8 19. Bf1 Bf5 20. Qb3 d3 21.
c5+ Kh8 22. Qxb7 dxe2 23. Qxa8 exf1=Q+ 24. Rxf1 Be4+ 25. Kg1 Qxc5+ 0-1

[Event "?"]
[Site "?"]
[Date "2019.05.10"]
[Round "2.7"]
[White "Schilling, Florian"]
[Black "Böttcher, Patrick"]
[Result "0-1"]
[WhiteElo "1871"]
[BlackElo "2107"]
[PlyCount "96"]
[EventDate "2019.??.??"]
[BlackTeam "SC Zitadelle Spandau 1977 e.V."]

1. Nf3 c5 2. g3 Nc6 3. Bg2 e5 4. c4 g6 5. Nc3 Bg7 6. O-O Nge7 7. d3 d6 8. a3
O-O 9. Rb1 a5 10. Bd2 Rb8 11. Ne1 Be6 12. Nc2 d5 13. cxd5 Nxd5 14. Ne3 Nde7 15.
Ne4 b6 16. Ng5 Bd7 17. Nc2 h6 18. Nf3 b5 19. Qc1 Kh7 20. Ne3 Qb6 21. h3 f5 22.
Nc2 Be6 23. b3 Rfc8 24. Qe1 Qa6 25. Bc3 Nd5 26. Ba1 Nd4 27. Qd2 a4 28. Nfxd4
cxd4 29. Bxd5 Bxd5 30. Nb4 Qe6 31. bxa4 bxa4 32. Nxd5 Qxd5 33. Rb4 Qc6 34. Rc4
Qa6 35. Rfc1 Rxc4 36. dxc4 Bf8 37. Bb2 Bc5 38. Rc2 Rb3 39. e3 Qd6 40. exd4 exd4
41. Bc1 g5 42. Rb2 d3 43. Rxb3 Qxg3+ 44. Kf1 Qxh3+ 45. Kg1 axb3 46. Qa5 Qg3+
47. Kh1 Qf3+ 48. Kh2 Qxf2+ 0-1

[Event "?"]
[Site "?"]
[Date "2019.05.10"]
[Round "2.9"]
[White "Korell, Klaus-Peter"]
[Black "Albrecht, Rainer"]
[Result "1/2-1/2"]
[WhiteElo "1852"]
[BlackElo "2059"]
[PlyCount "36"]
[EventDate "2019.??.??"]
[WhiteTeam "WiHeil"]
[BlackTeam "SC Kreuzberg e.V."]

1. d4 d6 2. Nf3 Bg4 3. e3 Nd7 4. Be2 c6 5. h3 Bh5 6. c4 Ngf6 7. Nc3 e5 8. Nd2
Bxe2 9. Qxe2 g6 10. b3 Bg7 11. Bb2 a6 12. O-O O-O 13. Nce4 Nxe4 14. Nxe4 exd4
15. Bxd4 Bxd4 16. exd4 Nf6 17. Nxf6+ Qxf6 18. Qd2 Rfe8 1/2-1/2

[Event "?"]
[Site "?"]
[Date "2019.05.10"]
[Round "2.10"]
[White "Olivares, Eduardo"]
[Black "Döring, Martin"]
[Result "1-0"]
[WhiteElo "2049"]
[BlackElo "1818"]
[PlyCount "61"]
[EventDate "2019.??.??"]
[WhiteTeam "SC Zitadelle Spandau 1977 e.V."]
[BlackTeam "SC Weisse Dame e.V."]

1. e4 d5 2. exd5 Nf6 3. Nf3 Qxd5 4. d4 Bg4 5. Be2 c6 6. O-O e6 7. c4 Qd8 8. Nc3
Be7 9. h3 Bh5 10. Bf4 Nbd7 11. Qd2 O-O 12. Rad1 Nb6 13. b3 Bb4 14. Qc1 Qe7 15.
c5 Nc8 16. Nb1 Ba5 17. Na3 Bc7 18. Bg5 b6 19. Rfe1 b5 20. Ne5 Bg6 21. Nxc6 Bh2+
22. Kxh2 Qc7+ 23. Kg1 Nd5 24. Bxb5 h6 25. Bh4 Qb7 26. Bg3 a6 27. Na5 Qxb5 28.
Nxb5 axb5 29. Qd2 b4 30. Nc6 Nc3 31. Ra1 1-0

[Event "?"]
[Site "?"]
[Date "2019.05.10"]
[Round "2.11"]
[White "Nuristani, Akbar"]
[Black "Weber, Erwin"]
[Result "0-1"]
[WhiteElo "1802"]
[BlackElo "2033"]
[PlyCount "54"]
[EventDate "2019.??.??"]
[WhiteTeam "SC Weisse Dame e.V."]
[BlackTeam "SC Weisse Dame e.V."]

1. Nf3 f5 2. g3 d6 3. d3 e5 4. Bg2 Nf6 5. O-O Be7 6. Nbd2 O-O 7. c3 Kh8 8. Qb3
Nc6 9. a4 Qe8 10. Qa2 Qh5 11. Ne1 f4 12. Nef3 d5 13. e4 dxe4 14. dxe4 fxg3 15.
fxg3 Bc5+ 16. Kh1 Ng4 17. h3 Nf2+ 18. Kh2 Nxh3 19. Nh4 Rxf1 20. Nxf1 Nf4 21.
Bf3 Qh6 22. Qf7 Be6 23. Qxc7 Rc8 24. Qxb7 g5 25. Bxf4 exf4 26. Rd1 fxg3+ 27.
Kg2 Qxh4 0-1

[Event "?"]
[Site "?"]
[Date "2019.05.10"]
[Round "2.12"]
[White "Tschernatsch, Johannes"]
[Black "Vachkov, Temi"]
[Result "1-0"]
[WhiteElo "2029"]
[BlackElo "1794"]
[PlyCount "57"]
[EventDate "2019.??.??"]
[WhiteTeam "USV Potsdam e.V., Abt. Schach"]
[BlackTeam "SK Zehlendorf e.V."]

1. e4 d6 2. d4 g6 3. Nf3 Bg7 4. Bc4 Nf6 5. Nc3 O-O 6. O-O Nc6 7. h3 a6 8. e5
Ne8 9. Qe2 e6 10. Bg5 Qd7 11. Qe3 d5 12. Be2 Ne7 13. g4 f5 14. exf6 Nxf6 15.
Ne5 Qe8 16. Bh6 c5 17. Bxg7 Kxg7 18. dxc5 Nc6 19. Nxc6 bxc6 20. f4 Rb8 21. Qe5
d4 22. g5 Rxb2 23. gxf6+ Kg8 24. Ne4 Qf7 25. Qxd4 Rxc2 26. Bd3 e5 27. fxe5 Rxa2
28. Rxa2 Qxa2 29. Bc4+ 1-0

[Event "?"]
[Site "?"]
[Date "2019.05.10"]
[Round "2.13"]
[White "Fleischer, Matthias"]
[Black "Möwisch, Dave"]
[Result "1-0"]
[WhiteElo "1793"]
[BlackElo "1923"]
[PlyCount "49"]
[EventDate "2019.??.??"]
[WhiteTeam "SK Zehlendorf e.V."]
[BlackTeam "SV Briesen e.V."]

1. d4 d5 2. Bf4 c5 3. e3 e6 4. c3 Nf6 5. Nf3 Nc6 6. Nbd2 Bd6 7. Bg3 O-O 8. Bd3
b6 9. e4 dxe4 10. Nxe4 Nxe4 11. Bxe4 Bb7 12. Qa4 Na5 13. dxc5 Bxc5 14. Rd1 Qf6
15. Be5 Qh6 16. Bxb7 Nxb7 17. Qe4 Rad8 18. Qxb7 Rxd1+ 19. Kxd1 Bxf2 20. Qe4
Rd8+ 21. Kc2 f5 22. Qe2 Be3 23. Rd1 Re8 24. Rd7 f4 25. Qd3 1-0

[Event "?"]
[Site "?"]
[Date "2019.05.10"]
[Round "2.14"]
[White "Dimitrijeski, Kristian"]
[Black "Reck, Jessica"]
[Result "1-0"]
[WhiteElo "2167"]
[BlackElo "1677"]
[PlyCount "60"]
[EventDate "2019.??.??"]
[WhiteTeam "SK König Tegel 1949 e.V."]
[BlackTeam "SK König Tegel 1949 e.V."]

1. d4 b6 2. c4 Bb7 3. Nc3 e6 4. Nf3 f5 5. g3 Nf6 6. Bg2 Ne4 7. O-O Be7 8. d5
Nxc3 9. bxc3 Bf6 10. Nd4 Bxd4 11. Qxd4 O-O 12. e4 Na6 13. Ba3 Rf7 14. f4 Qc8
15. e5 c5 16. Qd3 Re7 17. Rfd1 exd5 18. cxd5 c4 19. Qxf5 Nc5 20. Qc2 d6 21.
exd6 Re3 22. Qf2 Rxc3 23. Bxc5 Qxc5 24. Qxc5 bxc5 25. Rdc1 Rd3 26. Bf1 Rd4 27.
Rxc4 Bxd5 28. Rxc5 Be6 29. Re5 Rxd6 30. Rxe6 Rxe6 1-0

[Event "?"]
[Site "?"]
[Date "2019.05.10"]
[Round "2.15"]
[White "Kunze, Martin"]
[Black "Morczynski, Joachim"]
[Result "1-0"]
[WhiteElo "2135"]
[BlackElo "1733"]
[PlyCount "67"]
[EventDate "2019.??.??"]
[WhiteTeam "SC Weisse Dame e.V."]
[BlackTeam "SK Zehlendorf e.V."]

1. d4 Nf6 2. c4 g6 3. Nc3 Bg7 4. Nf3 d6 5. Bg5 O-O 6. e3 c5 7. d5 a6 8. Be2
Nbd7 9. Qc2 b5 10. cxb5 axb5 11. Bxb5 Qa5 12. O-O Rb8 13. Be2 h6 14. Bh4 Qb4
15. Rab1 Ne5 16. Nxe5 Qxh4 17. Nc6 Rb7 18. Ba6 Bf5 19. Bd3 Bxd3 20. Qxd3 Ng4
21. h3 Ne5 22. Qa6 Rc7 23. Nb5 Rd7 24. Nxe5 Bxe5 25. Na3 Rdd8 26. Qc4 Qf6 27.
Qe2 Ra8 28. Nc4 Rxa2 29. f4 Bc3 30. Qc2 Bb4 31. Ra1 Rfa8 32. Rxa2 Rxa2 33. Qb1
Ra7 34. f5 1-0

[Event "?"]
[Site "?"]
[Date "2019.05.10"]
[Round "2.16"]
[White "Ellert, Oliver"]
[Black "Krusemark, Gerhard"]
[Result "0-1"]
[WhiteElo "1528"]
[BlackElo "1779"]
[PlyCount "76"]
[EventDate "2019.??.??"]
[WhiteTeam "SV Empor Berlin e.V."]
[BlackTeam "TSG Rot-Weiß Fredersdorf/Vogelsd"]

1. g4 d5 2. Bg2 e6 3. d4 c5 4. e3 Nc6 5. Ne2 Nge7 6. dxc5 Qa5+ 7. Nd2 Ng6 8. c3
Qxc5 9. Nb3 Qd6 10. h4 Be7 11. g5 O-O 12. Qc2 Nge5 13. f4 Nd7 14. e4 dxe4 15.
Bxe4 f5 16. gxf6 Nxf6 17. h5 Nxe4 18. Qxe4 Qd5 19. Qxd5 exd5 20. Bd2 Bg4 21.
Nbd4 Rae8 22. Kf2 Bd6 23. Nf3 Re4 24. Rh4 Bxf3 25. Kxf3 Ne5+ 26. Kg3 Rxe2 27.
fxe5 Bxe5+ 28. Bf4 Re3+ 29. Kf2 Rxf4+ 30. Kxe3 Rxh4 31. Rd1 Rxh5 32. Kf3 Bf6
33. Rd2 Kf7 34. Kg4 Rg5+ 35. Kh3 Ke6 36. Re2+ Re5 37. Rd2 h5 38. b3 Re3+ 0-1

[Event "?"]
[Site "?"]
[Date "2019.05.10"]
[Round "2.17"]
[White "Kumar, Amod"]
[Black "Bédé, Maxime"]
[Result "1/2-1/2"]
[WhiteElo "1769"]
[BlackElo "1528"]
[PlyCount "126"]
[EventDate "2019.??.??"]
[WhiteTeam "SSV Rotation Berlin e.V."]
[BlackTeam "SK Zehlendorf e.V."]

1. e4 c5 2. Nc3 Nc6 3. Nf3 d6 4. h3 Nf6 5. Bb5 Bd7 6. d3 g6 7. O-O Bg7 8. Be3
O-O 9. Qd2 Qc7 10. Bh6 Rfd8 11. Bxg7 Kxg7 12. Nd5 Nxd5 13. exd5 Nb4 14. Bxd7
Qxd7 15. c4 Qf5 16. Rfd1 b6 17. a3 Na6 18. Re1 Qf6 19. Qc2 Nb8 20. Re2 Kf8 21.
Rae1 Re8 22. Qd2 Qg7 23. Qg5 f6 24. Qh4 Na6 25. Qf4 Nc7 26. Ng5 a6 27. Ne6+
Nxe6 28. Rxe6 Ra7 29. Qe3 Qf7 30. b4 Rb7 31. Rb1 Reb8 32. d4 cxd4 33. Qxd4 Rc8
34. Rc1 Qe8 35. c5 bxc5 36. bxc5 Rxc5 37. Rxc5 dxc5 38. Qxc5 Qb5 39. Qc8+ Kf7
40. Rc6 Kg7 41. Qe6 a5 42. Rc8 Rd7 43. Qg8+ Kh6 44. Qf8+ Kg5 45. h4+ Kf5 46. h5
Qxd5 47. Qh6 Qd1+ 48. Kh2 Qxh5+ 49. Qxh5+ gxh5 50. Rc5+ e5 51. Rxa5 Rd2 52. f3
Ra2 53. Ra7 h6 54. a4 e4 55. Ra5+ Kg6 56. fxe4 Re2 57. Ra8 Rxe4 58. a5 h4 59.
a6 Ra4 60. a7 Kh5 61. Kh3 Ra3+ 62. Kh2 Ra2 63. Kg1 h3 1/2-1/2

[Event "?"]
[Site "?"]
[Date "2019.05.10"]
[Round "2.18"]
[White "Tham, Franz"]
[Black "Prix, Siegfried"]
[Result "0-1"]
[WhiteElo "1549"]
[BlackElo "1757"]
[PlyCount "72"]
[EventDate "2019.??.??"]
[WhiteTeam "TSG Rot-Weiß Fredersdorf/Vogelsd"]
[BlackTeam "SF Berlin 1903 e.V."]

1. Nf3 Nf6 2. d4 d5 3. c4 c6 4. Nc3 dxc4 5. a4 Bf5 6. e3 e6 7. Bxc4 Bb4 8. Bd2
O-O 9. O-O Qe7 10. h3 h6 11. Na2 Bd6 12. Rc1 Nbd7 13. Bc3 Nb6 14. Nd2 Nxc4 15.
Nxc4 Rfd8 16. Nxd6 Qxd6 17. Bb4 Qd7 18. Nc3 a5 19. Ba3 b5 20. axb5 cxb5 21. b4
a4 22. Qe2 Rab8 23. Rfd1 Rdc8 24. e4 Bg6 25. d5 exd5 26. e5 Re8 27. f4 Qb7 28.
Rd4 Qb6 29. Rcd1 Qc6 30. Rc1 Qb7 31. Kh2 Rbc8 32. Qe3 Rc4 33. Rcd1 Qb6 34. Qd2
Ne4 35. Nxd5 Nxd2 36. Nxb6 Rxd4 0-1

[Event "?"]
[Site "?"]
[Date "2019.05.10"]
[Round "2.19"]
[White "Prey, Thomas"]
[Black "Körner, Reinhard"]
[Result "1-0"]
[WhiteElo "1743"]
[BlackElo "1524"]
[PlyCount "97"]
[EventDate "2019.??.??"]
[WhiteTeam "SK Zehlendorf e.V."]
[BlackTeam "SC Kreuzberg e.V."]

1. e4 b6 2. Bc4 e6 3. Nc3 Bb7 4. Nf3 Bb4 5. Qe2 Ne7 6. a3 Bxc3 7. bxc3 d5 8.
exd5 Nxd5 9. O-O O-O 10. Bb2 Nd7 11. Ba6 Nf4 12. Qe3 Bxa6 13. Qxf4 Bxf1 14.
Rxf1 c5 15. c4 f6 16. d3 e5 17. Qf5 Qe7 18. Re1 Qf7 19. Nd2 Rfe8 20. Ne4 Qe6
21. Qf3 Nf8 22. Nc3 Ng6 23. Nd5 Qd6 24. h3 Rad8 25. Qe4 Ne7 26. Ne3 Qc6 27. Qg4
b5 28. h4 bxc4 29. Nxc4 Nd5 30. h5 Qa4 31. h6 g6 32. Qf3 Qxc2 33. Re2 Qd1+ 34.
Kh2 Re7 35. Qe4 Nf4 36. Re3 Qh5+ 37. Kg1 Rc7 38. Nxe5 Qxh6 39. Qc4+ Kh8 40. Ng4
Ne2+ 41. Rxe2 Qf8 42. Nxf6 Qf7 43. Ng4+ Kg8 44. Nh6+ Kf8 45. Nxf7 Rxf7 46.
Qxc5+ Kg8 47. d4 h5 48. d5 Rf5 49. Qc7 1-0

[Event "?"]
[Site "?"]
[Date "2019.05.10"]
[Round "2.20"]
[White "Jugert, Ole"]
[Black "Nguyen, Phuc Nhat"]
[Result "1-0"]
[WhiteElo "1729"]
[BlackElo "1466"]
[PlyCount "69"]
[EventDate "2019.??.??"]
[BlackTeam "SC Zugzwang 95 e.V."]

1. d4 Nf6 2. c4 e6 3. Nc3 d5 4. cxd5 exd5 5. Bg5 c6 6. e3 Nbd7 7. Bd3 Bd6 8.
Nge2 Qc7 9. h3 h6 10. Bh4 O-O 11. Rc1 a6 12. O-O Nh5 13. Nxd5 Qb8 14. Ne7+ Kh8
15. Nxc8 Rxc8 16. Nc3 Nhf6 17. Qf3 g5 18. Bg3 g4 19. hxg4 Bxg3 20. fxg3 Rg8 21.
Bf5 Nb6 22. Kf2 Nc4 23. Rh1 Nxb2 24. Rxh6+ Kg7 25. Rch1 Qc7 26. g5 Ne8 27. g6
Nd6 28. gxf7 Nxf7 29. Rh7+ Kf8 30. Be6 Rg7 31. Rxg7 Kxg7 32. Qg4+ Kf8 33. Qf5
Re8 34. Rh8+ Kg7 35. Rh7+ 1-0

[Event "?"]
[Site "?"]
[Date "2019.05.10"]
[Round "2.21"]
[White "Olschewsky, Roman"]
[Black "Vahrenholt, Volker"]
[Result "1-0"]
[WhiteElo "1664"]
[BlackElo "1379"]
[PlyCount "72"]
[EventDate "2019.??.??"]
[WhiteTeam "SVG Läufer Reinickendorf e.V."]
[BlackTeam "SK Zehlendorf e.V."]

1. c4 e5 2. Nc3 Nc6 3. g3 g6 4. Bg2 Nge7 5. e3 Bg7 6. Nge2 O-O 7. a3 a5 8. O-O
d6 9. d3 Bg4 10. h3 Bf5 11. e4 Be6 12. Kh2 Kh8 13. Rb1 Ng8 14. b4 axb4 15. axb4
Nf6 16. b5 Ne7 17. Bd2 Neg8 18. f4 Qd7 19. Qc1 Ne7 20. Ng1 Nh5 21. Nce2 Ra2 22.
Bf3 exf4 23. gxf4 Rg8 24. Nc3 Rxd2+ 25. Qxd2 Nxf4 26. Nce2 Nxh3 27. Kh1 Be5 28.
d4 Nxg1 29. Nxg1 Bg3 30. Qg2 Bh4 31. d5 Bh3 32. Qxh3 Qxh3+ 33. Nxh3 Ra8 34. Ra1
Rb8 35. Kg2 h6 36. Be2 Kh7 1-0

[Event "?"]
[Site "?"]
[Date "2019.05.10"]
[Round "2.22"]
[White "Ellert, Stefan"]
[Black "Nowak, Vladimir"]
[Result "1/2-1/2"]
[WhiteElo "1510"]
[BlackElo "1662"]
[PlyCount "39"]
[EventDate "2019.??.??"]
[WhiteTeam "SV Empor Berlin e.V."]
[BlackTeam "SK Zehlendorf e.V."]

1. e4 c5 2. Nf3 d6 3. d4 cxd4 4. Nxd4 Nf6 5. Nc3 a6 6. h3 e5 7. Nf3 Be7 8. Be2
O-O 9. O-O b5 10. a3 Nbd7 11. Be3 Bb7 12. Bd3 Rc8 13. Rc1 Nb6 14. Bxb6 Qxb6 15.
Re1 g6 16. Qd2 Nh5 17. Qh6 Rfe8 18. Re3 f6 19. Ree1 Bf8 20. Qe3 1/2-1/2

[Event "?"]
[Site "?"]
[Date "2019.05.10"]
[Round "2.23"]
[White "Tedesco, Gennaro"]
[Black "Morczynski, Ryszard"]
[Result "1-0"]
[WhiteElo "1660"]
[BlackElo "1336"]
[PlyCount "37"]
[EventDate "2019.??.??"]
[WhiteTeam "SC Kreuzberg e.V."]
[BlackTeam "SK Zehlendorf e.V."]

1. d4 c5 2. d5 d6 3. c4 g6 4. Nc3 Bg7 5. Qc2 Nf6 6. e4 O-O 7. Nf3 Nbd7 8. Bd3
Ne8 9. O-O Ne5 10. Nxe5 Bxe5 11. f4 Bg7 12. b3 f5 13. Bb2 e5 14. Ne2 Qh4 15.
fxe5 Bxe5 16. Bxe5 dxe5 17. exf5 gxf5 18. Bxf5 Ng7 19. Bxh7+ 1-0

[Event "?"]
[Site "?"]
[Date "2019.05.10"]
[Round "2.24"]
[White "Mayer, Florent"]
[Black "Kellner, René"]
[Result "0-1"]
[WhiteElo "1458"]
[BlackElo "1652"]
[PlyCount "77"]
[EventDate "2019.??.??"]
[WhiteTeam "SK Zehlendorf e.V."]
[BlackTeam "Potsdamer SV Mitte e.V."]

1. e4 c6 2. Nf3 d5 3. e5 Bf5 4. d4 e6 5. Bd3 Bxd3 6. Qxd3 Nd7 7. O-O Qb6 8. c4
dxc4 9. Qxc4 Ne7 10. Nc3 Nf5 11. Na4 Qc7 12. b4 b5 13. Qb3 bxa4 14. Qxa4 Be7
15. a3 O-O 16. Qc2 a5 17. g4 Nh4 18. Nxh4 Bxh4 19. Bd2 axb4 20. Bxb4 Rfc8 21.
f4 Nb6 22. g5 Nd5 23. Bd6 Qa7 24. Bc5 Qa6 25. Rf3 Nxf4 26. Rxf4 Bxg5 27. Rf3
Qa4 28. Qg2 Be7 29. Rxf7 Kxf7 30. Rf1+ Kg8 31. Bxe7 Qxd4+ 32. Kh1 Qxe5 33. Bf6
Qd5 34. Rf3 Rc7 35. Bc3 Rxa3 36. Rf8+ Kxf8 37. Bb4+ Kg8 38. Bxa3 Qxg2+ 39. Kxg2
0-1

[Event "?"]
[Site "?"]
[Date "2019.05.10"]
[Round "2.25"]
[White "Krawatzki, Armin"]
[Black "Baum, Rene"]
[Result "1-0"]
[WhiteElo "1647"]
[BlackElo "1128"]
[PlyCount "47"]
[EventDate "2019.??.??"]
[WhiteTeam "SVG Läufer Reinickendorf e.V."]
[BlackTeam "SC Schwarzer Springer Schmargend"]

1. d4 d5 2. Nc3 Nf6 3. Bf4 a6 4. e3 e6 5. Bd3 c5 6. dxc5 Bxc5 7. Nf3 Nc6 8. O-O
b5 9. a3 Bb7 10. Qe2 O-O 11. Rad1 Re8 12. Ne5 d4 13. Nxc6 Bxc6 14. exd4 Bxd4
15. Be5 g6 16. Bxg6 hxg6 17. Rxd4 Nd5 18. Qd3 Ra7 19. Re1 Rd7 20. Nxd5 Rxd5 21.
Rxd5 exd5 22. Bc3 d4 23. Rxe8+ Bxe8 24. Qxd4 1-0

[Event "?"]
[Site "?"]
[Date "2019.05.10"]
[Round "2.26"]
[White "Leitz, Dennis"]
[Black "Catalano, Enzo"]
[Result "0-1"]
[WhiteElo "1290"]
[BlackElo "1596"]
[PlyCount "60"]
[EventDate "2019.??.??"]
[WhiteTeam "SK Zehlendorf e.V."]
[BlackTeam "Queer-Springer SSV Berlin"]

1. e4 c5 2. Nf3 Nc6 3. Bc4 e6 4. O-O a6 5. Nc3 b5 6. Be2 d6 7. d3 Be7 8. Bf4
Nf6 9. h3 O-O 10. g4 Bb7 11. g5 Nd7 12. h4 b4 13. Nb1 e5 14. Be3 f5 15. gxf6
Bxf6 16. Nh2 Bxh4 17. Ng4 Bg5 18. Qd2 Bxe3 19. Qxe3 Nd4 20. Bd1 Nf6 21. c3 Nxg4
22. Bxg4 Nc2 23. Be6+ Kh8 24. Qg3 Qf6 25. Bb3 Nxa1 26. Bd1 Qf4 27. Qg2 Rf6 28.
Bh5 Qh4 29. Qh2 Qxh2+ 30. Kxh2 Rh6 0-1